[Event "Twente Young Master op-B"]
[Site "Twente"]
[Date "2007.08.08"]
[Round "4"]
[White "Rieksen, Koen"]
[Black "Van Willenswaard, Corbijn"]
[Result "1-0"]
[WhiteElo "1590"]
[BlackElo "1182"]
[PlyCount "61"]
[EventDate "2007.08.06"]
[EventType "swiss"]
[EventRounds "9"]
[EventCountry "NED"]
[SourceTitle "EXT 2008"]
[Source "ChessBase"]
[SourceDate "2007.11.25"]
[SourceVersion "1"]
[SourceVersionDate "2007.11.25"]
[SourceQuality "1"]

1. e4 c5 2. Nf3 d6 3. d4 cxd4 4. Nxd4 Nf6 5. Nc3 g6 6. Bc4 Bg7 7. 0-0 0-0 8. h3 Nc6 9. Be3 Bd7 10. f4 a6 11. a3 b5 12. Ba2 e6 13. Qd3 Qb8 14. Rf2 Nxd4 15. Bxd4 Bc6 16. Bxf6 Bxf6 17. f5 Bd7 18. fxg6 fxg6 19. Raf1 Qb6 20. Kh1 Be7 21. Nd5 Qd8 22. Nf4 Qc8 23. Qg3 Kh8 24. Qe3 d5 25. Nxg6+ hxg6 26. Qh6+ Kg8 27. Qxg6+ Kh8 28. Rf7 Rxf7 29. Rxf7 Qg8 30. Qh6+ Qh7 31. Qxh7# 1-0

[Event "Twente Young Master op-B"]
[Site "Twente"]
[Date "2007.08.08"]
[Round "5"]
[White "Van Willenswaard, Corbijn"]
[Black "Groeneweg, Nick"]
[Result "1/2-1/2"]
[WhiteElo "1182"]
[BlackElo "1066"]
[PlyCount "60"]
[EventDate "2007.08.06"]
[EventType "swiss"]
[EventRounds "9"]
[EventCountry "NED"]
[SourceTitle "EXT 2008"]
[Source "ChessBase"]
[SourceDate "2007.11.25"]
[SourceVersion "1"]
[SourceVersionDate "2007.11.25"]
[SourceQuality "1"]

1. e4 e5 2. Nf3 Nc6 3. Bc4 Nf6 4. Nc3 Bc5 5. d3 h6 6. 0-0 d6 7. Be3 Bb6 8. a3 Be6 9. Ba2 Qd7 10. Qd2 d5 11. exd5 Nxd5 12. Nxd5 Bxd5 13. Bxd5 Qxd5 14. Rfe1 0-0-0 15. Bxb6 axb6 16. Qc3 Rhe8 17. Re4 f5 18. Re2 Nd4 19. Nxd4 exd4 20. Qd2 Rxe2 21. Qxe2 Qc6 22. h3 Re8 23. Qd2 Re6 24. b3 Qc3 25. Qxc3 dxc3 26. Kf1 Kd7 27. Re1 Rxe1+ 28. Kxe1 Kd6 29. Ke2 f4 30. Kf3 h5 1/2-1/2

[Event "Twente Young Master op-B"]
[Site "Twente"]
[Date "2007.08.07"]
[Round "2"]
[White "Van Willenswaard, Corbijn"]
[Black "Bloemendaal, Nadia"]
[Result "0-1"]
[WhiteElo "1182"]
[BlackElo "1557"]
[PlyCount "106"]
[EventDate "2007.08.06"]
[EventType "swiss"]
[EventRounds "9"]
[EventCountry "NED"]
[SourceTitle "EXT 2008"]
[Source "ChessBase"]
[SourceDate "2007.11.25"]
[SourceVersion "1"]
[SourceVersionDate "2007.11.25"]
[SourceQuality "1"]

1. e4 c5 2. d4 cxd4 3. c3 dxc3 4. Nxc3 Nc6 5. Nf3 d6 6. Bc4 e6 7. Bf4 Nf6 8. 0-0 Be7 9. Qe2 e5 10. Be3 0-0 11. Rfd1 Be6 12. Bb5 Nd7 13. b3 a6 14. Bxc6 bxc6 15. Rac1 Nf6 16. Nxe5 Qc7 17. Nf3 Bg4 18. Bf4 Nh5 19. Qe3 h6 20. h3 Bxf3 21. Qxf3 Nxf4 22. Qxf4 Bg5 23. Qg3 Bxc1 24. Rxc1 Qd7 25. Rd1 Rfd8 26. Kh1 Qe6 27. Qf3 Qf6 28. Qg3 Rdc8 29. Rd3 a5 30. f4 Kh8 31. Qf3 c5 32. Qe3 c4 33. bxc4 Rxc4 34. g3 Rac8 35. e5 dxe5 36. fxe5 Qc6+ 37. Nd5 Rc1+ 38. Kg2 Rc2+ 39. Kf3 Rxa2 40. Qd4 Rd8 41. Kf4 Ra4 42. Ke4 Rxd4+ 43. Rxd4 a4 44. Rd3 a3 45. e6 fxe6 46. Rxa3 Qxd5+ 47. Kf4 Qd6+ 48. Kg4 Qxa3 49. Kh4 g6 50. g4 g5+ 51. Kh5 Rg8 52. h4 Qg3 53. hxg5 Qh3# 0-1